[Event "Mike Shpan mem"]
[Site "Winnipeg CAN"]
[Date "2003.12.09"]
[Round "5"]
[White "Gibson, Fred"]
[Black "Taylor, Evan"]
[Result "0-1"]
[WhiteElo "1176"]
[BlackElo "1305"]
[PlyCount "48"]
[EventDate "2003.11.04"]
[EventType "swiss"]
[EventRounds "6"]
[EventCountry "CAN"]

1. d4 e6 2. c4 Bb4+ 3. Nc3 Nf6 4. Bg5 O-O 5. e3 b6 6. Nf3 h6 7. a3 Bxc3+ 8.
bxc3 hxg5 9. Nxg5 Ba6 10. Bd3 d5 11. cxd5 Qxd5 12. Nf3 Bxd3 13. Qxd3 Qe4 14.
Rd1 Qxd3 15. Rxd3 Nbd7 16. Ne5 Rfd8 17. Ke2 Nxe5 18. dxe5 Rxd3 19. exf6 Rxc3
20. fxg7 Kxg7 21. Rd1 Rxa3 22. Rd7 Rc8 23. h4 c5 24. g4 c4 0-1

[Event "Mike Shpan mem"]
[Site "Winnipeg CAN"]
[Date "2003.12.09"]
[Round "5"]
[White "Taylor, Jasper"]
[Black "Milord, Frank"]
[Result "0-1"]
[WhiteElo "1476"]
[BlackElo "1534"]
[PlyCount "56"]
[EventDate "2003.11.04"]
[EventType "swiss"]
[EventRounds "6"]
[EventCountry "CAN"]

1. d4 d5 2. c4 c6 3. cxd5 cxd5 4. Nc3 Nc6 5. Nf3 Nf6 6. Bf4 a6 7. e3 Bf5 8. Bd3
Bxd3 9. Qxd3 e6 10. O-O Be7 11. a3 O-O 12. Rfc1 Nh5 13. Bg3 Nxg3 14. hxg3 Rc8
15. b4 b5 16. Rc2 Bxb4 17. Nxb5 axb5 18. Qxb5 Nxd4 19. Nxd4 Rxc2 20. Nxc2 Bc3
21. Rb1 Qa8 22. Qb3 Be5 23. Qa2 Rc8 24. a4 Qa5 25. Na1 Rc4 26. Qb3 g6 27. Nc2
Qxa4 28. Qxa4 Rxa4 0-1

[Event "Mike's Summer RR"]
[Site "Victoria CAN"]
[Date "2003.08.15"]
[Round "1"]
[White "Jirka, Jiri"]
[Black "Moore, Harry"]
[Result "1-0"]
[WhiteElo "2414"]
[BlackElo "2274"]
[PlyCount "47"]
[EventDate "2003.08.15"]
[EventType "tourn"]
[EventRounds "6"]
[EventCountry "CAN"]

1. d4 g6 2. g3 Bg7 3. Bg2 d6 4. c4 Nf6 5. Nc3 O-O 6. Nf3 Nbd7 7. O-O e5 8. e4
c6 9. h3 Re8 10. Be3 a5 11. Qc2 exd4 12. Nxd4 Nc5 13. Rad1 Qe7 14. Rfe1 Bd7 15.
Bf4 Nh5 16. Nf5 gxf5 17. Bxd6 Qg5 18. Bxc5 f4 19. g4 Be6 20. Bd6 Rad8 21. e5 f3
22. Bxf3 Nf6 23. Bg2 Qh4 24. Re3 1-0

[Event "Mike's Summer RR"]
[Site "Victoria CAN"]
[Date "2003.08.15"]
[Round "1"]
[White "Stanford, Mike"]
[Black "Yoos, John"]
[Result "0-1"]
[WhiteElo "2202"]
[BlackElo "2434"]
[PlyCount "78"]
[EventDate "2003.08.15"]
[EventType "tourn"]
[EventRounds "6"]
[EventCountry "CAN"]

1. e4 c5 2. Nc3 Nc6 3. Nge2 Nf6 4. d4 cxd4 5. Nxd4 d6 6. Bg5 a6 7. Qd2 Qb6 8.
O-O-O Qxd4 9. Qxd4 Nxd4 10. Rxd4 Ng4 11. Bh4 g5 12. Bg3 Bg7 13. Rd3 Ne5 14. Rd1
Be6 15. f3 Rc8 16. Kb1 f5 17. exf5 Bxf5 18. Ne4 O-O 19. Bxe5 Bxe5 20. Bd3 g4
21. fxg4 Bxg4 22. Rde1 h6 23. h3 Bd7 24. Rhf1 Rxf1 25. Rxf1 Rf8 26. Rxf8+ Kxf8
27. c4 Kf7 28. Kc2 Bc6 29. b3 Bf4 30. g4 Ke6 31. Nc3 Ke5 32. Nd5 Bg5 33. Bf1
Kd4 34. a3 e6 35. Nc3 Ke3 36. Nd1+ Kf3 37. Kd3 Be4+ 38. Kc3 Kg3 39. Kd4 Bc2 0-1

[Event "Mike's Summer RR"]
[Site "Victoria CAN"]
[Date "2003.08.15"]
[Round "2"]
[White "Moore, Harry"]
[Black "Stanford, Mike"]
[Result "1-0"]
[WhiteElo "2274"]
[BlackElo "2202"]
[PlyCount "65"]
[EventDate "2003.08.15"]
[EventType "tourn"]
[EventRounds "6"]
[EventCountry "CAN"]

1. e4 c5 2. Nf3 e6 3. d4 cxd4 4. Nxd4 a6 5. Nc3 Qc7 6. Bd3 b5 7. O-O Nf6 8. a4
b4 9. Na2 Bb7 10. Qe2 d5 11. e5 Nfd7 12. Re1 Nc6 13. Nxc6 Qxc6 14. Bd2 a5 15.
Bb5 Qb6 16. c3 bxc3 17. Nxc3 Bc5 18. Bxd7+ Kxd7 19. Nb5 Ba6 20. Qf3 Rhf8 21.
Nc3 Qxb2 22. Ra2 Qb3 23. Rb1 Qc4 24. Rab2 Qd3 25. Qd1 f6 26. Qg4 fxe5 27. Qxg7+
Kc6 28. Nb5 Rfc8 29. Qxe5 Qe4 30. Qc3 Rg8 31. g3 Qxa4 32. Na7+ Rxa7 33. Rb6+
1-0

[Event "Mike's Summer RR"]
[Site "Victoria CAN"]
[Date "2003.08.16"]
[Round "2"]
[White "Yoos, John"]
[Black "Jirka, Jiri"]
[Result "1/2-1/2"]
[WhiteElo "2434"]
[BlackElo "2414"]
[PlyCount "162"]
[EventDate "2003.08.15"]
[EventType "tourn"]
[EventRounds "6"]
[EventCountry "CAN"]

1. e4 e5 2. f4 Bc5 3. Nf3 d6 4. c3 Bb6 5. d4 exd4 6. cxd4 Nf6 7. e5 dxe5 8.
fxe5 Nd5 9. Nc3 Nc6 10. Bg5 Nce7 11. Bc4 Be6 12. Qb3 c6 13. O-O Qd7 14. a4 Nf5
15. Ne2 Nc7 16. Rfd1 Bxc4 17. Qxc4 a6 18. Ra3 O-O 19. Kh1 Nd5 20. Rad3 h6 21.
Bc1 Rfd8 22. Nc3 Qe6 23. Qb3 Rd7 24. Nxd5 cxd5 25. g4 Ne7 26. g5 h5 27. g6 Qxg6
28. Rg1 Qf5 29. Rg5 Qe6 30. Rxh5 Rc8 31. Bd2 Bd8 32. Ng5 Qg4 33. Rdh3 Ng6 34.
Qd3 Bxg5 35. Rxg5 Qe4+ 36. Qxe4 dxe4 37. Bc3 Nf4 38. Rhg3 Ne6 39. R5g4 g6 40.
Rxe4 Rc4 41. a5 Ra4 42. Rh4 Ra1+ 43. Rg1 Rxg1+ 44. Kxg1 g5 45. Rg4 Kg7 46. Kf2
Kg6 47. Ke3 Kf5 48. Rg1 Nf4 49. Rf1 f6 50. h4 fxe5 51. hxg5 exd4+ 52. Bxd4 Re7+
53. Kd2 Re2+ 54. Kc3 Kxg5 55. Rg1+ Kf5 56. Rg7 Ke6 57. Rxb7 Nd5+ 58. Kc4 Rc2+
59. Bc3 Kd6 60. Rh7 Nxc3 61. bxc3 Kc6 62. Ra7 Ra2 63. Rxa6+ Kc7 64. Kb5 Rb2+
65. Kc5 Ra2 66. c4 Kb7 67. Rb6+ Ka7 68. Rb5 Ra4 69. Kd5 Ka6 70. Rc5 Ra1 71. Kd6
Rh1 72. Rd5 Rh4 73. c5 Kxa5 74. Kc7 Ka6 75. Rd8 Rh7+ 76. Rd7 Rh8 77. c6 Ka7 78.
Kd6+ Kb8 79. c7+ Kc8 80. Rd8+ Rxd8+ 81. cxd8=Q+ Kxd8 1/2-1/2

[Event "Mike's Summer RR"]
[Site "Victoria CAN"]
[Date "2003.08.16"]
[Round "3"]
[White "Jirka, Jiri"]
[Black "Stanford, Mike"]
[Result "1-0"]
[WhiteElo "2414"]
[BlackElo "2202"]
[PlyCount "49"]
[EventDate "2003.08.15"]
[EventType "tourn"]
[EventRounds "6"]
[EventCountry "CAN"]

1. d4 Nf6 2. c4 e6 3. g3 c5 4. d5 exd5 5. cxd5 b5 6. Bg2 d6 7. e4 g6 8. Nd2 Bg7
9. a4 b4 10. Nc4 O-O 11. Qc2 Ba6 12. Ne2 Ne8 13. O-O Nd7 14. f4 Nb6 15. Na5 Qc7
16. Nc6 Nc4 17. a5 Na3 18. Qd1 Nb5 19. e5 Nd4 20. Nexd4 Bxf1 21. Kxf1 cxd4 22.
Qxd4 dxe5 23. fxe5 Qb7 24. d6 Qb5+ 25. Kg1 1-0

[Event "Mike's Summer RR"]
[Site "Victoria CAN"]
[Date "2003.08.16"]
[Round "3"]
[White "Moore, Harry"]
[Black "Yoos, John"]
[Result "0-1"]
[WhiteElo "2274"]
[BlackElo "2434"]
[PlyCount "140"]
[EventDate "2003.08.15"]
[EventType "tourn"]
[EventRounds "6"]
[EventCountry "CAN"]

1. e4 c5 2. Nf3 Nc6 3. d4 cxd4 4. Nxd4 Nf6 5. Nc3 d6 6. Bc4 Bd7 7. O-O e6 8.
Bb3 Be7 9. Be3 O-O 10. f4 Nxd4 11. Bxd4 Bc6 12. Qd3 b5 13. Nxb5 Bxb5 14. Qxb5
Nxe4 15. Qb7 d5 16. Kh1 Bc5 17. Bxc5 Nxc5 18. Qb5 Qb6 19. Qe2 a5 20. c3 Nxb3
21. axb3 Qxb3 22. Ra3 Qb6 23. Rfa1 d4 24. cxd4 Qxd4 25. Ra4 Qd5 26. Qf3 Qxf3
27. gxf3 Rab8 28. Rxa5 g6 29. Kg2 Rxb2+ 30. Kg3 Kg7 31. Ra8 Rxa8 32. Rxa8 Rb1
33. Ra5 Rd1 34. Rc5 Rd5 35. Rc7 g5 36. Ra7 gxf4+ 37. Kxf4 Rh5 38. Kg3 Rg5+ 39.
Kf2 Kg6 40. Rb7 Ra5 41. Rc7 Ra4 42. Kg3 e5 43. Rc6+ f6 44. Rc8 Ra3 45. Rc4 Kf5
46. Rb4 Ra7 47. Rc4 Rg7+ 48. Kf2 Re7 49. Kg3 Rd7 50. Ra4 Rd4 51. Ra5 Kg5 52.
Ra7 h5 53. Rg7+ Kh6 54. Rg8 Kh7 55. Ra8 h4+ 56. Kg2 Kg6 57. Ra2 Kg5 58. Kf2 Kf4
59. Rb2 f5 60. Ra2 h3 61. Rb2 Ra4 62. Rc2 Ra1 63. Rc4+ e4 64. fxe4 fxe4 65. Rc3
Ra2+ 66. Kg1 e3 67. Rc1 Kf3 68. Rf1+ Ke2 69. Rb1 Rd2 70. Re1+ Kxe1 0-1

[Event "Mike's Summer RR"]
[Site "Victoria CAN"]
[Date "2003.08.16"]
[Round "4"]
[White "Moore, Harry"]
[Black "Jirka, Jiri"]
[Result "0-1"]
[WhiteElo "2274"]
[BlackElo "2414"]
[PlyCount "72"]
[EventDate "2003.08.15"]
[EventType "tourn"]
[EventRounds "6"]
[EventCountry "CAN"]

1. d4 d5 2. c4 c6 3. Nf3 Nf6 4. Nc3 a6 5. c5 g6 6. Bf4 Nh5 7. Be5 f6 8. Bxb8
Rxb8 9. e4 e5 10. exd5 cxd5 11. dxe5 Bxc5 12. exf6 Nxf6 13. Qe2+ Kf7 14. O-O-O
Re8 15. Qd2 Kg7 16. Nd4 Qc7 17. f3 b5 18. Kb1 b4 19. Nce2 Qb6 20. g4 a5 21. h4
Ba6 22. h5 Bxe2 23. Nxe2 Be3 24. Qd3 b3 25. a3 Rbc8 26. hxg6 hxg6 27. g5 Bxg5
28. f4 Re3 29. Qd2 Ne4 30. Qe1 Bf6 31. Rxd5 Qc6 32. Qd1 Qc2+ 33. Qxc2 Rxc2 34.
Rd7+ Kf8 35. Bg2 Nd2+ 36. Ka1 Bxb2# 0-1

[Event "Mike's Summer RR"]
[Site "Victoria CAN"]
[Date "2003.08.16"]
[Round "4"]
[White "Yoos, John"]
[Black "Stanford, Mike"]
[Result "1-0"]
[WhiteElo "2434"]
[BlackElo "2202"]
[PlyCount "57"]
[EventDate "2003.08.15"]
[EventType "tourn"]
[EventRounds "6"]
[EventCountry "CAN"]

1. e4 c5 2. Nf3 e6 3. d4 cxd4 4. Nxd4 a6 5. Bd3 Ne7 6. Nc3 Nec6 7. Nb3 d6 8.
Qh5 g6 9. Qh3 Bg7 10. Bh6 e5 11. Qe3 O-O 12. h4 f6 13. Bc4+ Kh8 14. h5 g5 15.
Bxg7+ Kxg7 16. h6+ Kh8 17. a4 Nb4 18. Qd2 Qc7 19. Bd5 N8c6 20. O-O-O Ne7 21.
Kb1 Bd7 22. Bxb7 Qxb7 23. Qxd6 Bxa4 24. Nxa4 Ra7 25. Nbc5 Qb5 26. c3 Nbc6 27.
Ne6 Rf7 28. Nac5 Ra8 29. Nc7 1-0

[Event "Mike's Summer RR"]
[Site "Victoria CAN"]
[Date "2003.08.17"]
[Round "5"]
[White "Jirka, Jiri"]
[Black "Yoos, John"]
[Result "1-0"]
[WhiteElo "2414"]
[BlackElo "2434"]
[PlyCount "71"]
[EventDate "2003.08.15"]
[EventType "tourn"]
[EventRounds "6"]
[EventCountry "CAN"]

1. d4 d5 2. Nf3 Nc6 3. g3 Bg4 4. Bg2 Qd7 5. Ne5 Nxe5 6. dxe5 e6 7. O-O f5 8. c4
c6 9. b3 Be7 10. Ba3 Qc7 11. f4 Qb6+ 12. Rf2 Bxa3 13. Nxa3 h5 14. Nc2 h4 15.
Nd4 hxg3 16. hxg3 Kf7 17. Qd3 a6 18. b4 Ne7 19. Rb1 Qd8 20. c5 Qg8 21. Rff1 Rh5
22. Kf2 g5 23. e3 Qg7 24. Rh1 Rah8 25. Rxh5 Rxh5 26. Rh1 Rxh1 27. Bxh1 Qh6 28.
Bg2 Ng6 29. Kg1 Qh5 30. a4 Bh3 31. Nf3 gxf4 32. exf4 Bxg2 33. Ng5+ Ke7 34. Kxg2
Nxe5 35. Qe3 Ng4 36. Qxe6+ 1-0

[Event "Mike's Summer RR"]
[Site "Victoria CAN"]
[Date "2003.08.17"]
[Round "5"]
[White "Stanford, Mike"]
[Black "Moore, Harry"]
[Result "1-0"]
[WhiteElo "2202"]
[BlackElo "2274"]
[PlyCount "47"]
[EventDate "2003.08.15"]
[EventType "tourn"]
[EventRounds "6"]
[EventCountry "CAN"]

1. e4 c5 2. Nf3 d6 3. d4 cxd4 4. Nxd4 Nf6 5. Nc3 a6 6. Bg5 e6 7. f4 Nbd7 8. Qf3
Qc7 9. O-O-O b5 10. Bxb5 axb5 11. Ndxb5 Qb8 12. e5 Bb7 13. Qe2 dxe5 14. Qc4 Bc5
15. Bxf6 Be3+ 16. Kb1 gxf6 17. Rxd7 O-O 18. f5 exf5 19. Nd6 Ba6 20. Qh4 Bg5 21.
Qh5 Ra7 22. h4 Bd2 23. Nxf5 Kh8 24. Rxd2 1-0

[Event "Millenium"]
[Site "Charlesbourg CAN"]
[Date "2003.11.17"]
[Round "1"]
[White "Beaudoin, Stephane"]
[Black "Arteau, Benoit"]
[Result "1/2-1/2"]
[WhiteElo "2014"]
[BlackElo "1710"]
[PlyCount "50"]
[EventDate "2003.11.17"]
[EventType "swiss"]
[EventRounds "5"]
[EventCountry "CAN"]

1. e4 c5 2. Nf3 Nc6 3. d4 cxd4 4. Nxd4 Nf6 5. Nc3 d6 6. Be3 g6 7. f3 Bg7 8. Qd2
Bd7 9. O-O-O a6 10. g4 b5 11. g5 Nh5 12. Nd5 Rc8 13. Nb3 Rb8 14. f4 a5 15. Be2
a4 16. Nd4 Na5 17. f5 Nc4 18. Bxc4 bxc4 19. f6 exf6 20. gxf6 Nxf6 21. Bg5 h6
22. Bxf6 Bxf6 23. Nxf6+ Qxf6 24. e5 dxe5 25. Ne2 Qg5 1/2-1/2

[Event "Millenium"]
[Site "Charlesbourg CAN"]
[Date "2003.11.17"]
[Round "1"]
[White "Bisson, Real"]
[Black "Bonneau, Daniel"]
[Result "0-1"]
[WhiteElo "1661"]
[BlackElo "2006"]
[PlyCount "22"]
[EventDate "2003.11.17"]
[EventType "swiss"]
[EventRounds "5"]
[EventCountry "CAN"]

1. e4 g6 2. d4 Bg7 3. c4 d6 4. Nc3 Nf6 5. f3 O-O 6. Be3 c5 7. dxc5 dxc5 8. Bxc5
Nc6 9. Nge2 Nd7 10. Be3 Nde5 11. b3 Nd3+ 0-1

[Event "Millenium"]
[Site "Charlesbourg CAN"]
[Date "2003.11.17"]
[Round "1"]
[White "Caron, Sebastien"]
[Black "Carrier, Claude"]
[Result "1-0"]
[WhiteElo "1771"]
[BlackElo "2093"]
[PlyCount "114"]
[EventDate "2003.11.17"]
[EventType "swiss"]
[EventRounds "5"]
[EventCountry "CAN"]

1. e4 c5 2. Nf3 e6 3. d4 cxd4 4. Nxd4 Nf6 5. Nd2 d6 6. Bd3 Be7 7. O-O a6 8. c3
b5 9. a4 bxa4 10. Rxa4 Bb7 11. Qe2 O-O 12. Kh1 Nbd7 13. Ra1 Qc7 14. f4 Rfe8 15.
N2b3 d5 16. e5 Ne4 17. Be3 Ndc5 18. Nxc5 Nxc5 19. Bc2 Ne4 20. Qg4 Bf8 21. Nf3
g6 22. Bd4 Bc5 23. Bxc5 Qxc5 24. Nd4 Nd2 25. Rf2 Nc4 26. Ba4 Reb8 27. Re1 Nxb2
28. Rxb2 Qxc3 29. Reb1 Qxd4 30. Bc6 Bxc6 31. Rxb8+ Rxb8 32. Rxb8+ Kg7 33. h4
Qa7 34. Rd8 Qe7 35. Rd6 h5 36. Qg3 Bb5 37. Kh2 Bc4 38. Kh3 a5 39. Qe3 Qb7 40.
Rb6 Qe7 41. f5 exf5 42. e6 f6 43. Qf4 g5 44. hxg5 fxg5 45. Qxf5 g4+ 46. Kg3 h4+
47. Kxg4 Be2+ 48. Kf4 Qc7+ 49. Qe5+ Qxe5+ 50. Kxe5 Bf1 51. e7 Kf7 52. Kd6 Bxg2
53. Rb8 Kf6 54. e8=Q h3 55. Qe5+ Kf7 56. Rb7+ Kg6 57. Rg7+ Kh6 1-0

[Event "Millenium"]
[Site "Charlesbourg CAN"]
[Date "2003.11.24"]
[Round "2"]
[White "Bonneau, Daniel"]
[Black "Laflamme, Simon"]
[Result "0-1"]
[WhiteElo "2006"]
[BlackElo "1870"]
[PlyCount "90"]
[EventDate "2003.11.17"]
[EventType "swiss"]
[EventRounds "5"]
[EventCountry "CAN"]

1. d4 Nf6 2. Nf3 g6 3. c4 Bg7 4. Nc3 O-O 5. e4 d6 6. Be2 e5 7. O-O Nc6 8. d5
Ne7 9. Ne1 Nd7 10. Be3 f5 11. f3 f4 12. Bf2 Nf6 13. c5 g5 14. Nd3 h5 15. Rc1
Ng6 16. cxd6 cxd6 17. Nb5 Rf7 18. Nxa7 Bd7 19. Qb3 g4 20. Qb6 Qf8 21. Rc7 gxf3
22. gxf3 Ne8 23. Rxb7 Bf6 24. Kh1 Rg7 25. Rg1 Bd8 26. Qb3 Nf6 27. Nc6 h4 28.
Rb8 Rxb8 29. Qxb8 Bxc6 30. dxc6 Nh5 31. Rxg6 Rxg6 32. c7 Bxc7 33. Qxc7 Ng3+ 34.
Bxg3 hxg3 35. h3 g2+ 36. Kg1 Qh6 37. Nf2 Qh4 38. Bc4+ Kh8 39. Qb8+ Kh7 40. Qb6
Qg3 41. Ng4 Qxh3 42. Qc7+ Rg7 43. Bg8+ Kh8 44. Nf2 Qh2+ 45. Kxh2 g1=Q+ 0-1

[Event "Millenium"]
[Site "Charlesbourg CAN"]
[Date "2003.11.24"]
[Round "2"]
[White "Faille, Jacques"]
[Black "Dorion, Francois"]
[Result "1/2-1/2"]
[WhiteElo "1880"]
[BlackElo "1858"]
[PlyCount "74"]
[EventDate "2003.11.17"]
[EventType "swiss"]
[EventRounds "5"]
[EventCountry "CAN"]

1. e4 e5 2. Nf3 Nc6 3. Bb5 Nge7 4. O-O g6 5. c3 Bg7 6. d3 O-O 7. Nbd2 d5 8. h3
a6 9. Ba4 b5 10. Bc2 Bb7 11. Re1 d4 12. c4 Qd6 13. a3 Bc8 14. b4 Be6 15. c5 Qd7
16. Ng5 a5 17. Nxe6 Qxe6 18. bxa5 Nxa5 19. Nb3 Nec6 20. Bd2 Rfb8 21. Nxa5 Nxa5
22. Bxa5 Rxa5 23. Bb3 Qe7 24. Qd2 Ra6 25. Qb4 Bf8 26. Rec1 Rc6 27. a4 Rxc5 28.
Rxc5 Qxc5 29. Qxc5 Bxc5 30. axb5 Rxb5 31. Bc4 Rb2 32. Ra2 Rb1+ 33. Kh2 Kg7 34.
g4 h5 35. gxh5 gxh5 36. f3 Kf6 37. Rg2 Rf1 1/2-1/2

[Event "Millenium"]
[Site "Charlesbourg CAN"]
[Date "2003.11.24"]
[Round "2"]
[White "Lessard, Claude"]
[Black "Sauve, Richard"]
[Result "1-0"]
[WhiteElo "1858"]
[BlackElo "1921"]
[PlyCount "65"]
[EventDate "2003.11.17"]
[EventType "swiss"]
[EventRounds "5"]
[EventCountry "CAN"]

1. d4 d5 2. Nf3 e6 3. c4 c6 4. Qc2 Nf6 5. Bg5 Be7 6. e3 Nbd7 7. Nc3 O-O 8. Bd3
a6 9. Rc1 Re8 10. O-O Nf8 11. Ne5 N6d7 12. Bxe7 Qxe7 13. f4 f6 14. Nf3 Kh8 15.
f5 dxc4 16. Bxc4 exf5 17. Rce1 Nb6 18. Bd3 Nd5 19. Nxd5 cxd5 20. Bxf5 Bxf5 21.
Qxf5 Qe4 22. Qh3 Rac8 23. Nh4 Rc2 24. Nf5 Qe6 25. Qg3 Qd7 26. h4 Rxb2 27. h5
Ne6 28. Rc1 Rc8 29. Rxc8+ Qxc8 30. Qd6 Ng5 31. h6 Ne6 32. hxg7+ Nxg7 33. Qxf6
1-0

[Event "Millenium"]
[Site "Charlesbourg CAN"]
[Date "2003.12.01"]
[Round "3"]
[White "Caron, Sebastien"]
[Black "Faille, Jacques"]
[Result "0-1"]
[WhiteElo "1771"]
[BlackElo "1880"]
[PlyCount "110"]
[EventDate "2003.11.17"]
[EventType "swiss"]
[EventRounds "5"]
[EventCountry "CAN"]

1. e4 e5 2. Nf3 Nc6 3. Bb5 a6 4. Ba4 Nf6 5. O-O b5 6. Bb3 Be7 7. Re1 O-O 8. c3
d5 9. exd5 Nxd5 10. Nxe5 Nxe5 11. Rxe5 c6 12. d4 Bd6 13. Re1 Qh4 14. g3 Qh3 15.
Qf3 Bg4 16. Qg2 Qh5 17. Qf1 Rae8 18. Be3 Re6 19. Nd2 Rfe8 20. Bxd5 cxd5 21. Nb3
g5 22. Bd2 Be2 23. Qg2 Bf3 24. Qf1 Be4 25. f4 Rh6 26. Re2 gxf4 27. Nc5 f3 28.
Bxh6 fxe2 29. Qf2 Qxh6 30. Re1 Bxc5 31. dxc5 Bd3 32. Qd4 Qe3+ 33. Qxe3 Rxe3 34.
Kf2 Re6 35. Kf3 Kf8 36. a3 Rf6+ 37. Ke3 Bc4 38. b3 Bxb3 39. Rxe2 Re6+ 40. Kd2
Rc6 41. Rf2 Kg7 42. Ke3 Rxc5 43. Kd4 Rc4+ 44. Ke5 Rxc3 45. Rf4 Rc6 46. Rf2 Re6+
47. Kd4 Rc6 48. h4 f6 49. Ke3 h5 50. Rb2 Bc4 51. Kf4 Kg6 52. Ke3 Re6+ 53. Kf4
d4 54. Kf3 Kf5 55. Rf2 Bd5# 0-1

[Event "Millenium"]
[Site "Charlesbourg CAN"]
[Date "2003.12.01"]
[Round "3"]
[White "Lapierre, Gaetan"]
[Black "Lessard, Claude"]
[Result "0-1"]
[WhiteElo "1880"]
[BlackElo "1858"]
[PlyCount "48"]
[EventDate "2003.11.17"]
[EventType "swiss"]
[EventRounds "5"]
[EventCountry "CAN"]

1. d4 g6 2. e4 Bg7 3. c4 c5 4. d5 d6 5. Nc3 Nf6 6. Nf3 O-O 7. Bd3 Nbd7 8. h3 a6
9. a4 Ne8 10. O-O Ne5 11. Nxe5 dxe5 12. f4 f5 13. exf5 gxf5 14. fxe5 Bxe5 15.
Bxf5 Bxf5 16. Rxf5 Rxf5 17. Qg4+ Ng7 18. Bh6 Qf8 19. Re1 Bd4+ 20. Kh1 Rf1+ 21.
Rxf1 Qxf1+ 22. Kh2 Bg1+ 23. Kh1 Bf2+ 24. Kh2 Qg1# 0-1

[Event "Millenium"]
[Site "Charlesbourg CAN"]
[Date "2003.12.01"]
[Round "3"]
[White "Sauve, Richard"]
[Black "Lapointe, Daniel"]
[Result "1/2-1/2"]
[WhiteElo "1921"]
[BlackElo "1594"]
[PlyCount "77"]
[EventDate "2003.11.17"]
[EventType "swiss"]
[EventRounds "5"]
[EventCountry "CAN"]

1. d4 Nf6 2. c4 e6 3. Nc3 d5 4. cxd5 exd5 5. Bg5 Be7 6. e3 O-O 7. Bd3 Be6 8.
Nge2 Nh5 9. Bxe7 Qxe7 10. Qc2 g6 11. O-O Nd7 12. Rab1 c5 13. dxc5 Nxc5 14. Nd4
Nxd3 15. Qxd3 Rad8 16. Rfc1 a6 17. b4 Rd6 18. b5 Bd7 19. bxa6 bxa6 20. Rb7 Rc8
21. Rcb1 Qd8 22. h3 Ng7 23. Nce2 Bf5 24. Nxf5 Nxf5 25. Nd4 Nxd4 26. Qxd4 Qf6
27. Rb8 Rxb8 28. Rxb8+ Kg7 29. Qxf6+ Kxf6 30. Ra8 Rc6 31. Kh2 h5 32. Kg3 Kg5
33. Ra7 Kf6 34. f4 Ke6 35. Kh4 Kf6 36. a4 Re6 37. Rd7 Rxe3 38. Rxd5 Re6 39. Ra5
1/2-1/2

[Event "Millenium"]
[Site "Charlesbourg CAN"]
[Date "2003.12.08"]
[Round "4"]
[White "Faille, Jacques"]
[Black "Bonneau, Daniel"]
[Result "1/2-1/2"]
[WhiteElo "1880"]
[BlackElo "2006"]
[PlyCount "115"]
[EventDate "2003.11.17"]
[EventType "swiss"]
[EventRounds "5"]
[EventCountry "CAN"]

1. e4 d6 2. Nc3 g6 3. g3 Bg7 4. Bg2 Nf6 5. Nge2 O-O 6. O-O c6 7. d3 Nbd7 8. h3
Qc7 9. Be3 e5 10. Qd2 Re8 11. Rae1 b5 12. Bh6 Bh8 13. f4 Bb7 14. f5 d5 15. Rf2
b4 16. Nd1 dxe4 17. fxg6 hxg6 18. dxe4 c5 19. Nc1 Rad8 20. Bg5 Nf8 21. Qe3 N8h7
22. Nd3 Rd4 23. Bxf6 Nxf6 24. c3 bxc3 25. Nxc3 a6 26. Ref1 Re6 27. Nc1 c4 28.
N1e2 Rd3 29. Qg5 Qe7 30. Nc1 Rd4 31. N1e2 Rd8 32. g4 Nh7 33. Qxe7 Rxe7 34. Ng3
Rd3 35. Kh2 Ng5 36. Rc1 Red7 37. Na4 Rd2 38. Rc2 Rxf2 39. Rxf2 Rd4 40. Nc3 Bg7
41. Rc2 Ne6 42. Nce2 Rd3 43. Nf1 Nf4 44. Neg3 Rd4 45. Bh1 f5 46. gxf5 gxf5 47.
Nxf5 Rd1 48. N5e3 Re1 49. Rxc4 a5 50. Rc2 Ba6 51. Bg2 Bd3 52. Rf2 Bh6 53. Nd5
Bxe4 54. Nf6+ Kh8 55. Nxe4 Nxg2 56. Kxg2 Rxe4 57. Ng3 Rc4 58. Re2 1/2-1/2

[Event "Millenium"]
[Site "Charlesbourg CAN"]
[Date "2003.12.08"]
[Round "4"]
[White "Fecteau, Martin"]
[Black "Lessard, Claude"]
[Result "1/2-1/2"]
[WhiteElo "1879"]
[BlackElo "1858"]
[PlyCount "85"]
[EventDate "2003.11.17"]
[EventType "swiss"]
[EventRounds "5"]
[EventCountry "CAN"]

1. e4 d6 2. d4 g6 3. Nc3 Bg7 4. h3 c6 5. Nf3 Nd7 6. Be3 e5 7. dxe5 dxe5 8. Bc4
Ngf6 9. a4 O-O 10. O-O Qe7 11. Qe2 Nh5 12. Rfd1 Nf4 13. Qf1 Nb6 14. Bb3 Be6 15.
a5 Bxb3 16. axb6 Bxc2 17. Rd2 Bb3 18. bxa7 b5 19. Qc1 Rfd8 20. Rxd8+ Qxd8 21.
Nd2 Be6 22. Qf1 Bf8 23. Nf3 f6 24. Kh2 Qc8 25. Ng1 Bb3 26. g3 Ne6 27. Qd3 Qb7
28. Nce2 Bc4 29. Qc2 c5 30. b3 Bxe2 31. Qxe2 Nd4 32. Bxd4 cxd4 33. Ra5 b4 34.
Qc4+ Kg7 35. Qd5 Rxa7 36. Rxa7 Qxa7 37. Kg2 Qc7 38. Nf3 Qc3 39. g4 g5 40. h4 h6
41. Qd7+ Kg8 42. Qe6+ Kg7 43. Qd7+ 1/2-1/2

[Event "Millenium"]
[Site "Charlesbourg CAN"]
[Date "2003.12.08"]
[Round "4"]
[White "Lapierre, Gaetan"]
[Black "Dorion, Francois"]
[Result "0-1"]
[WhiteElo "1880"]
[BlackElo "1858"]
[PlyCount "41"]
[EventDate "2003.11.17"]
[EventType "swiss"]
[EventRounds "5"]
[EventCountry "CAN"]

1. Nf3 Nf6 2. c4 g6 3. g3 Bg7 4. Bg2 O-O 5. O-O d5 6. cxd5 Nxd5 7. Nc3 Nb6 8.
d3 Nc6 9. Bd2 Bd7 10. Qc1 Re8 11. Bh6 Bh8 12. h4 a5 13. h5 a4 14. hxg6 fxg6 15.
a3 Ra5 16. Bd2 Rh5 17. Ne4 Qc8 18. Nh4 Bf6 19. Bf3 Bg4 20. Nxf6+ exf6 21. Qc3
0-1

[Event "Millenium"]
[Site "Charlesbourg CAN"]
[Date "2003.12.15"]
[Round "5"]
[White "Bonneau, Daniel"]
[Black "Sauve, Richard"]
[Result "1/2-1/2"]
[WhiteElo "2006"]
[BlackElo "1921"]
[PlyCount "116"]
[EventDate "2003.11.17"]
[EventType "swiss"]
[EventRounds "5"]
[EventCountry "CAN"]

1. c4 e6 2. Nc3 d5 3. cxd5 exd5 4. d4 c6 5. Qc2 Bd6 6. Nf3 Ne7 7. Bg5 f6 8. Bh4
Bf5 9. Qb3 Qb6 10. Nd2 Qxd4 11. Qxb7 O-O 12. Bg3 Bxg3 13. hxg3 Nd7 14. e3 Qb6
15. Qxb6 axb6 16. Nb3 Rfe8 17. O-O-O Ne5 18. Be2 Ng4 19. Bxg4 Bxg4 20. Rd4 Bf5
21. a3 Nc8 22. Rf4 Nd6 23. Nd4 Bd7 24. Rfh4 h6 25. Nde2 Nc4 26. e4 dxe4 27.
Nxe4 Ne5 28. N2c3 Be6 29. Rd1 Ng6 30. Rhh1 Red8 31. Rhe1 Bb3 32. Rxd8+ Rxd8 33.
Nd2 Bf7 34. f4 Kf8 35. Na4 Rb8 36. Kc2 Bd5 37. Nf3 Ne7 38. Nc3 Bxf3 39. gxf3
Nf5 40. Ne2 Re8 41. Kd2 c5 42. Rc1 Rd8+ 43. Ke1 Rd3 44. Rc3 Rxc3 45. Nxc3 Nxg3
46. Na4 b5 47. Nxc5 Ke7 48. Kf2 Nf5 49. a4 bxa4 50. Nxa4 Kd6 51. Kg2 Kd5 52.
Kh3 h5 53. Nc3+ Kc4 54. Ne4 Kb3 55. Ng3 Nxg3 56. Kxg3 g5 57. fxg5 fxg5 58. f4
gxf4+ 1/2-1/2

[Event "Millenium"]
[Site "Charlesbourg CAN"]
[Date "2003.12.15"]
[Round "5"]
[White "Coulon, Dominic"]
[Black "Faille, Jacques"]
[Result "1/2-1/2"]
[WhiteElo "1665"]
[BlackElo "1880"]
[PlyCount "89"]
[EventDate "2003.11.17"]
[EventType "swiss"]
[EventRounds "5"]
[EventCountry "CAN"]

1. e4 e5 2. f4 exf4 3. Nf3 Be7 4. d4 Bh4+ 5. Ke2 d6 6. Bxf4 Nc6 7. g3 Be7 8.
Nbd2 Bg4 9. c3 Nf6 10. Bg2 Qd7 11. Kf2 h6 12. Re1 O-O-O 13. b4 g5 14. Be3 d5
15. Qc2 dxe4 16. Ne5 Nxe5 17. dxe5 Qf5+ 18. Kg1 Qxe5 19. Bd4 Rxd4 20. cxd4
Qxd4+ 21. Kh1 Bxb4 22. Rec1 Bd6 23. Nxe4 Nxe4 24. Bxe4 f5 25. Bg2 f4 26. gxf4
gxf4 27. Be4 Be6 28. Rd1 Qc5 29. Qb2 Rg8 30. Bxb7+ Kd7 31. Rac1 Qb6 32. Bc6+
Ke7 33. Qc2 Rg7 34. Re1 Kf7 35. Qe4 Bh3 36. Qe8+ Kf6 37. Qd8+ Be7 38. Rxe7 Rxe7
39. Qh8+ Kg5 40. Rg1+ Kh5 41. Bf3+ Kh4 42. Qg8 Qe6 43. Qf8 Bf5 44. Rg6 Qe1+ 45.
Rg1 1/2-1/2